000 00272 a2200121 4500
001 76223
005 20260408134833.0
090 _a76223
100 _a20260408 pory50
200 _aO Fogo e as cinzas
_fManuel da Fonseca
205 _a7 ยช
210 _cForja
_d1980
942 _cMON